000
00227nmm a2200085Ia 4500
008
220120s9999||||xx |||||||||||||||||und||
100
_a
EFY
245
0
_a
Utilities : GNU Image manipulation programe, TWO transistor
260
_c
2005
999
_c
138512
_d
138512